00334cam a2200145ua 450000100030000000800390000304000090004204100120005108200120006310000190007524500200009426000380011430000160015265300200016868150302n1966 II |||gr||||Z||||||eng aMAIN aEnglish a823 DEF aDEFOE, DANIEL. aROBINSON CRUSOE aLONDON:bWARD LOCK AND CO,c1967. a213:c18CM. aEnglish fiction